00499nam a2200145Ia 4500008004100000020001800041082001700059100003100076245006500107260003500172300000900207942001200216999001900228952010600247210430s9999 xx 000 0 und d a0-12-008526-7 a660 A 2442 A aKenneth B. Bischoff952790 aAdvances in Chemical Engineering V-26 /cKenneth B. Bischoff aNew yorkbAcademic Pressc2001 a216p cBK2ddc c562247d562247 001040708NFICaSCMEbSCMEcGENd0007-08-11l0o660 A 2442 ApSCME-1109r2021-04-30w2021-04-30yBK